Countries That Are in More Than One Continent - Statistics

General Stats
  • This quiz has been taken 131 times
    58 since last reset
  • The average score is 4 of 6
Answer Stats
Country % Correct
Russia
98%
Turkey
90%
Egypt
73%
France
69%
United States
61%
Kazakhstan
51%
No matching quizzes found
Score Distribution
Percent of People with Each Score
Percentile by Number Answered
Your Score History
You have not taken this quiz since the last reset